Statystyki dla Jedzenie według krajów#1

Kliknij tutaj aby rozwiązać quiz!

Ogólne statystyki

  • Ten quiz został rozwiązany 8 738 razy
  • Średni wynik to 10 z 21

Statystyki odpowiedzi

JedzeniePaństwo% Poprawnych
SushiJaponia
100%
TacoMeksyk
89%
CroissantAustria
88%
LazaniaWłochy
87%
BratwurstNiemcy
78%
GulaszWęgry
75%
PaellaHiszpania
64%
PączkiPolska
62%
KimchiKorea
55%
GyrosGrecja
50%
PhởWietnam
42%
Dim SumChiny
34%
Strudel z jabłkamiAustria
30%
Shepherd's PieAnglia
25%
Kurczak tandooriIndie
25%
PoutineKanada
22%
VegemiteAustralia
19%
HaggisSzkocja
19%
Chowder z mięczakówStany Zjednoczone
16%
BiltongRepublika Południowej Afryki
4%
PupusaSalwador
4%

Rozkład punktacji

Percentyl według liczby udzielonych odpowiedzi

Procent ludzi z każdym wynikiem

Twoja historia wyników

Nie rozwiązałeś tego quizu